书目信息 |
| 题名: |
中国铀矿物
|
|
| 作者: | 魏思华 编著 | |
| 分册: | ||
| 出版信息: | 北京 原子能出版社 1979 |
|
| 页数: | 190页 | |
| 开本: | 26cm | |
| 丛书名: | ||
| 单 册: | ||
| 中图分类: | P619.14 | |
| 科图分类: | ||
| 主题词: | 铀矿物--研究--中国 | |
| 电子资源: | ||
| ISBN: | ||
| 000 | 00589nam0 2200229 45 | |
| 001 | 0179003394 | |
| 005 | 20060728170344.06 | |
| 010 | @dCNY2.30 | |
| 091 | @a15175.126 | |
| 100 | @a19950726d1979 em y0chiy0121 ea | |
| 101 | 0 | @achi |
| 102 | @aCN@b110000 | |
| 105 | @ay z 000yy | |
| 200 | 10 | @a中国铀矿物@Azhong guo you kuang wu@f魏思华编著 |
| 210 | @a北京@c原子能出版社@d1979 | |
| 215 | @a190页@d26cm | |
| 300 | @a国内发行 | |
| 606 | @a铀矿物@x研究@y中国 | |
| 690 | @aP619.14@v3 | |
| 701 | 0 | @a魏思华@Awei si hua@4编著 |
| 801 | 0 | @aCN@bTSSF@c20060728 |
| 905 | @a10447@dP619.14@e36 | |
| 中国铀矿物/魏思华编著.-北京:原子能出版社,1979 |
| 190页;26cm |
| 国内发行 |
| ISBN :CNY2.30 |
| ● |
| 相关链接 |
|
|
|
|
正题名:中国铀矿物
索取号:P619.14/36
 
预约/预借
| 序号 | 登录号 | 条形码 | 馆藏地/架位号 | 状态 | 备注 |
| 1 | 0439015 | 204390159 | 密集书库/ [索取号:P619.14/36] | 在馆 |